Growing your company's leaders : how great organizations use succession management to sustain competitive advantage.
| Main Author: | |
|---|---|
| Other Authors: | |
| Format: | Book |
| Published: |
New York:
AMACOM,
2004.
|
| Subjects: |
| LEADER | 00499cam a2200157 7i4500 | ||
|---|---|---|---|
| 001 | 0000014657 | ||
| 005 | 20041022090000.0 | ||
| 020 | 0 | 0 | |a 0-8144-0767-6 |
| 090 | 0 | 0 | |a B 658.40718 |b FUL |
| 100 | 1 | 0 | |a Fulmer |
| 245 | 1 | 7 | |a Growing your company's leaders : |b how great organizations use succession management to sustain competitive advantage. |
| 260 | 0 | 0 | |a New York: |b AMACOM, |c 2004. |
| 300 | # | # | |a 259 p. |
| 650 | 0 | 0 | |a Leadership |
| 700 | 1 | 1 | |a Conger, |h Jay A. |
| 999 | |a B000016215 |b Book |c Book |e Business Information Centre | ||


